000 00633nam a2200193 i 4500
001 44060
003 ES-MaACL
007 t|
008 030320s1953 sp ||||1| spa d
100 1 _aCazotte, Jacques.
_937255
245 1 3 _aEl diablo enamorado
_b: novela /
_cJacques Cazotte ; prólogo, traducción y notas de Manuel P. del Río Cossa.
260 _aMadrid :
_b[s.n.,
_c1953] (
_fEstades Artes Gráficas)
300 _a175 p. ;
_c18 cm.
490 1 _aEl grifón ;
_v2
700 1 _aRío-Cossa, Manuel P. del.
_997319
830 0 _aEl grifón ;
_v2
_9181273
852 _aES-MaACL
_jC-6949
_bR.35156
999 _c44060
_d44060